Ringkasan Laporan Prestasi Pungutan Hasil Jabatan Kastam dan Eksais Diraja Malaysia Dari Bulan 01 Januari - 28 Oktober Tahun 2001. (Record no. 4624)

000 -LEADER
fixed length control field nas a22 a 4500
003 - CONTROL NUMBER IDENTIFIER
control field AKMAL
005 - DATE AND TIME OF LATEST TRANSACTION
control field 20170607143918.0
008 - FIXED-LENGTH DATA ELEMENTS--GENERAL INFORMATION
fixed length control field 170607s20019999my ar p | o000 a1may d
040 ## - CATALOGING SOURCE
Original cataloging agency AKMAL
049 ## - LOCAL HOLDINGS (OCLC)
Holding library AKMAL
245 00 - TITLE STATEMENT
Title Ringkasan Laporan Prestasi Pungutan Hasil Jabatan Kastam dan Eksais Diraja Malaysia Dari Bulan 01 Januari - 28 Oktober Tahun 2001.
260 ## - PUBLICATION, DISTRIBUTION, ETC.
Place of publication, distribution, etc. Putrajaya :
Name of publisher, distributor, etc. Bahagian Perakauan Hasil [BAPHA] Ibu Pejabat Kastam dan Eksais Diraja Malaysia
Date of publication, distribution, etc. 2001
300 ## - PHYSICAL DESCRIPTION
Extent j. :
Other physical details il. ;
Dimensions 30cm.
310 ## - CURRENT PUBLICATION FREQUENCY
Current publication frequency Tahunan
500 ## - GENERAL NOTE
General note Huraian berdasarkan : (2001)
650 10 - SUBJECT ADDED ENTRY--TOPICAL TERM
Topical term or geographic name entry element Customs' reports
Geographic subdivision Malaysia
Form subdivision Periodicals
9 (RLIN) 8901
650 20 - SUBJECT ADDED ENTRY--TOPICAL TERM
Topical term or geographic name entry element Auditing, Internal
Geographic subdivision Malaysia
Form subdivision Periodicals
9 (RLIN) 8902
650 20 - SUBJECT ADDED ENTRY--TOPICAL TERM
Topical term or geographic name entry element Financial statements
Geographic subdivision Malaysia
Form subdivision Periodicals
9 (RLIN) 8903
710 1# - ADDED ENTRY--CORPORATE NAME
Corporate name or jurisdiction name as entry element Malaysia.
Subordinate unit Bahagian Perakauan Hasil [BAPHA] Jabatan Kastam dan Eksais Diraja Malaysia
9 (RLIN) 8904
942 ## - ADDED ENTRY ELEMENTS (KOHA)
Source of classification or shelving scheme
Koha item type Periodicals
Holdings
Withdrawn status Lost status Source of classification or shelving scheme Damaged status Not for loan Collection code Home library Current library Shelving location Date acquired Inventory number Total Checkouts Barcode Date last seen Price effective from Koha item type
          NON-FICTION AKMAL Melaka AKMAL Melaka PINJAMAN 07.06.2017 000760   201707402 07.06.2017 07.06.2017 Periodicals
Pusat Sumber Maklumat Dato' Haji Sarmin Md Hussin, Akademi Kastam Diraja Malaysia, Melaka
Tel: 06-2331106 | Faks: 06-2313787